Statistieken voor Wie is het? #3 - Studio 100

Klik hier om de quiz te nemen!

Algemene statistieken

  • Deze quiz is 15 keer genomen
  • De gemiddelde score is 5 van 12

Antwoordstatistieken

Antwoord% Correct
Piet Piraat
100%
Mega Toby
85%
Amika
77%
Kabouter Smal
62%
Bol
31%
Campus 12
31%
Kosmoo
31%
Nils Holgersson
31%
Exo 20
23%
Wissper
15%
Yemi
15%
Babilu
8%

Scoreverdeling

Percentiel versus Aantal Correcte Antwoorden

Procent van Mensen met Elke Score

Uw Scoregeschiedenis

U heeft deze quiz nog niet genomen